00482nam a2200181 a 450000100060000000300090000600800410001504000280005608200200008410000300010424500530013425000060018726000380019330000100023165000200024165000150026165000240027612513CO-ViMGA141112s2004 ck r 000 u spa d aCO-ViMGAbspacCO-ViMGA04a615.788309 O77v1 aOrtegón, Páez Rafael 10aVoragine alucinante en la historia de las drogas a1 aBogotá : btercer mundo, c1981 a417p.14aABUSO DE DROGAS14aDROGADITOS14aDROGAS ALUCINOGENAS